| 000 | 00412nam a22001457a 4500 | ||
|---|---|---|---|
| 020 | _a969-35-1333-9 | ||
| 040 | _cNUST | ||
| 082 | _a891.4393,TAR | ||
| 100 |
_aTarar, Mustansar Hussain _93135 |
||
| 245 |
_aQala Jangi / قلعہ جنگی _cMustansar Hussain Tarar |
||
| 260 |
_aLahore _bSang-e-Meel Pub _c2008 |
||
| 300 | _a216 p.; | ||
| 650 |
_aUrdu Literature _xNovel _9110271 |
||
| 942 |
_2ddc _cBK _k891.4393,TAR |
||
| 999 |
_c593779 _d593779 |
||